00538nam a22001577a 450000500170000001000140001702000260003103700100005710000330006724501010010026000390020127000780024030000310031894200120034999900190036120170912110812.0 a1718EN-30 a9789386042262c250.00 bAakar aKosambi, Damodar Dharmanand 10aMyth and reality : cby Damodar Dharmanand Kosambibstudies In the formation of Indian culture / aNew DelhibSAGE Publicationsc2016 aB1/I-1 Mohan Cooperative Industrial Area, Mathura RoadbNew Delhie110044 axx,121p. c25cm(pbk)bill. 2ddccEN c144335d144335